Sokak çocukları (Record no. 226)

MARC details
000 -BAŞLIK
Sabit Uzunlukta Kontrol Alanı 00792na a2200217 4500
001 - KONTROL NUMARASI
Denetim Alanı 19639
003 - KONTROL NUMARASI IDENTIFIER
Denetim Alanı MIRAKIL
005 - SON İŞLEM TARİHİ VE ZAMANI
Denetim Alanı 20181213154739.0
008 - SABİT-BOY VERİ ELEMANLARI - GENEL BİLGİLER
Sabit Uzunlukta Kontrol Alanı 161221b tu 000 0
040 ## - KATALOGLAMA KAYNAK
Orijinal Kataloglama Ajansı Milas
Kataloglama Dili tur
Metne Dönüştürmek Ajansı TR-AnCHP
041 ## - DİL KODU
Metin / Ses Parça Veya Ayrı Başlığın Dil Kodu tur
082 ## - DEWEY ONLU SINIFLANDIRMA NUMARASI
Sınıflandırma Numarası 331.31
Ürün Numarası S64 2004
090 ## - SINIFLAMA NUMARASI
Sınıflama Numarası 331.31 S64 2004
245 ## - BAŞLIK TABLOSU
Başlık Sokak çocukları
Başlığın Kalan sokakta yaşayan ve çalıştırılan çocukların korunması ve topluma kazandırılması
Sorumluluk Tablosu, Vb İstanbul Ticaret Odası Vakfı
246 ## - UNVAN FORM VARYING
Başlık Doğru / Kısa Başlığı sokakta yaşayan ve çalıştırılan çocukların korunması ve topluma kazandırılması
260 ## - YAYIN, DAĞITIM, VB
Yayın, Dağıtım, Vb Yeri İstanbul
Yayıncı, Dağıtıcı, Vs Adı İstanbul Sanayi Odası Vakfı
Yayın, Dağıtım, Vb Tarihi 2004
300 ## - FİZİKSEL TANIM
Kapsam 116 s.
Diğer Fiziksel Ayrıntıları fotg.
Boyutlar 21 sm.
650 ## - KONU KATMA GİRİŞ - TOPİKAL DÖNEM
Topikal Süreli Veya Coğrafi Ad Giriş Elemanı İşçi çocuklar
Coğrafi Alt Bölümü Türkiye
650 ## - KONU KATMA GİRİŞ - TOPİKAL DÖNEM
Topikal Süreli Veya Coğrafi Ad Giriş Elemanı Sokak çocukları
Genel Alt Bölümü Toplumsal yaşam
Coğrafi Alt Bölümü Türkiye
942 ## - EKLENDİ GİRİŞ ELEMANLARI (KOHA)
Sınıflandırma Veya Raf Düzeni Kaynak Dewey Decimal Classification
Koha Öğesi Türü Books
999 ## - SİSTEM KONTROL NUMARALARI (KOHA)
Koha Biblionumber 226
Koha Biblioitemnumber 226
Holdings
Kalıcı Konum Mevcut Konum Edinme Tarihi Edinim Kaynak Toplam Check-Out'Lar Tam Çağrı Numarası Barkod Tarih Son Görülme İtibaren Geçerli Fiyatlar Koha Öğesi Türü
CHP Kütüphanesi CHP Kütüphanesi 12/21/2016 Bağış   331.31 S64 2004 010791 12/21/2016 12/21/2016 Books